00616nam a2200205Ia 450000500170000000800410001702000150005808200250007324500430009826000590014130000250020065000140022565000100023965000110024965000120026070000190027294200060029195200980029799900150039520250123055020.0240331s9999 xx 000 0 und d a8170365422 bUBE26005a305.30954 0aSocial Reform, Sexuality and the State aNew DelhiaCaliforniaaLondonbSage Publicationsc1996 axxvi, 404 p., (C II) aSexuality aState aGender aSociety aUberoi, Peedt cL 001040708LaWERCLbWERCLcSSCd2024-03-31l0o 8305.3 SOCp6005r2024-03-31w2024-03-31yL c4521d4521